000 01020nam a2200229 a 4500
001 79103
003 BD-RjUL
005 20220102165630.0
008 220102r20191996bg ||||| |||| 00| 0 ben d
020 _a9789849224488
_c: Tk.400.00
035 _a(BD-RjUL)79103
040 _aBD-RjUL
_beng
_cBD-RjUL
041 _aben
082 _223
_a954.9205092
_bSMR 2019
245 _aবঙ্গবন্ধুর স্মৃতিকথা /
_cসম্পাদনা আবদুল ওয়াহেদ তালুকদার
260 _aঢাকা :
_bকাকলী প্রকাশনী,
_c১৯৯৬ [মুর্দ্রণ ২০১৯]
300 _a৩৯৪ পৃষ্ঠা :
_bচিত্রসমূহ; ২
_c২২ সেমি.
600 _aমুজিবুর রহমান ,
_c শেখ,
_d১৯২০-১৯৭৫
_9166
600 _aMujibur Rahman,
_cSheikh,
_d1920-1975
700 _aতালুকদার, আবদুল ওয়াহেদ
_9460
942 _2ddc
_cBK
999 _c79103
_d79103